Normal view MARC view
  • Afectividad

Entry Materia

Number of records used in: 1

001 - NÚMERO DE CONTROL DEL REGISTRO

  • campo de control: 51275

003 - IDENTIFICADOR DE NUMERO DE CONTROL

  • campo de control: MX-MxUPN

005 - FECHA Y HORA DE LA ÚLTIMA TRANSACCIÓN

  • campo de control: 20240306090300.0

008 - DATOS DE LONGITUD FIJA

  • campo de control de longitud fija: 240306nn fnnnnbabb n ana d

040 ## - FUENTE DE LA CATALOGACIÓN

  • Centro catalogador de origen: MX-MxUPN
  • Lengua de catalogación: spa

150 ## - ENCABEZAMIENTO - TEMÁTICO

  • Término de materia o nombre geográfico como elemento inicial: Afectividad
  • Subdivisión de forma: Literatura infantil

670 ## - FUENTE EN LA QUE SE LOCALIZARON DATOS

  • Cita de la fuente: Autoridades BGTQ, 6 marzo 2024 :
  • Información localizada: (Afectividad -- Literatura infantil)

902 ## - CATALOGADOR

  • Catalogador: VíctorGodínez/060324